[Event "Tczew-ch"]
[Site "Tczew"]
[Date "2007.11.07"]
[Round "6.14"]
[White "Dombrowski, Marek"]
[Black "Mielke, Patryk"]
[Result "0-1"]
[WhiteElo "1800"]
[BlackElo "1600"]
[PlyCount "54"]
[EventDate "2007.10.02"]
[EventType "swiss"]
[EventRounds "9"]
[EventCountry "POL"]
[SourceTitle "EXT 2023"]
[Source "ChessBase"]
[SourceDate "2022.10.05"]
[SourceVersion "1"]
[SourceVersionDate "2022.10.05"]
[SourceQuality "1"]

1. e4 e6 2. d4 d5 3. Nc3 Bb4 4. e5 c5 5. a3 Bxc3+ 6. bxc3 Qc7 7. Nf3 Ne7 8. Bb5+ Bd7 9. Bxd7+ Nxd7 10. 0-0 0-0 11. Ng5 Rac8 12. Rb1 Nf5 13. Qh5 h6 14. Nf3 f6 15. g4 Ne7 16. Be3 b6 17. g5 fxg5 18. Bxg5 Rf5 19. Rbd1 cxd4 20. h4 hxg5 21. Nxg5 Nf8 22. f4 Qxc3 23. Rf3 Qxc2 24. Rg3 Rxf4 25. Rg2 Qf5 26. Kh1 Rc3 27. Rh2 Rf1+ 0-1

[Event "Tczew-ch"]
[Site "Tczew"]
[Date "2007.11.07"]
[Round "3.2"]
[White "Dombrowski, Marek"]
[Black "Ossowski, Boleslaw"]
[Result "1-0"]
[WhiteElo "1800"]
[BlackElo "1868"]
[PlyCount "59"]
[EventDate "2007.10.02"]
[EventType "swiss"]
[EventRounds "9"]
[EventCountry "POL"]
[SourceTitle "EXT 2023"]
[Source "ChessBase"]
[SourceDate "2022.10.05"]
[SourceVersion "1"]
[SourceVersionDate "2022.10.05"]
[SourceQuality "1"]

1. e4 c5 2. Nf3 Nc6 3. d4 cxd4 4. Nxd4 Nf6 5. Nc3 e5 6. Ndb5 d6 7. Bg5 a6 8. Na3 b5 9. Bxf6 gxf6 10. Nd5 f5 11. Bd3 Be6 12. c4 Qa5+ 13. Qd2 b4 14. Nc2 f4 15. Ncxb4 Nxb4 16. Qxb4 Qxb4+ 17. Nxb4 a5 18. Nd5 Rc8 19. b3 Bh6 20. f3 Bg5 21. g3 Bxd5 22. exd5 h5 23. Bf5 Rc7 24. g4 hxg4 25. Bxg4 Bh4+ 26. Ke2 Bg3 27. hxg3 Rg8 28. Rag1 f6 29. gxf4 exf4 30. Bd7+ 1-0